000 00232nam a2200085Ia 4500
245 0 _aIf you are afraid of heights
100 _a JHA, Raj Kamal London, 2003
_9103912
942 _cBK
008 210818s9999 xx 000 0 und d
999 _c464422
_d464421